000 00872cam a2200301 i 4500
001 89555
003 OSt
005 20180116183054.0
008 820720s1980 enk 001 0 eng d
020 _a0194420965
035 _a(OCoLC)508443966
035 _a(OCoLC)ocn508443966
035 _a(CStRLIN)NYCG82-B32156
035 _a(NNC)89555
040 _c0
082 _a428.24 SWA 2005
100 1 _aSwan, Michael.
245 1 0 _aPractical English usage /
_cMichael Swan.
_bNew International Students's Edition
250 _a3rd ed.
260 _aChina
_bOxford University Press,
_c2005
_g2005
300 _a653 p. ;
_c22 cm.
_bPB.
440 _aPractical English usage / New International Students's Edition
500 _aIncludes index.
650 0 _aEnglish language
_xUsage.
650 0 _aEnglish language
_xIdioms.
942 _2ddc
_cBK
999 _c351741
_d351741